Information Systems – Creativity and Innovation in Small and Medium-Sized Enterprises IFIP WG 8.2 International Conference, CreativeSME 2009, Guimarães, Portugal, June 21-24, 2009. Proceedings /

This book constitutes the refereed proceedings of the IFIP WG 8.2 International Conference on the Role of Information Systems in Leveraging the Intelligence and Creativity of Small and Medium-Sized Enterprises, CreativeSME 2009, held in Guimarães, Portugal, in June 2009. The 19 refereed papers prese...

Πλήρης περιγραφή

Λεπτομέρειες βιβλιογραφικής εγγραφής
Συγγραφή απο Οργανισμό/Αρχή: SpringerLink (Online service)
Άλλοι συγγραφείς: Dhillon, Gurpreet (Επιμελητής έκδοσης), Stahl, Bernd Carsten (Επιμελητής έκδοσης), Baskerville, Richard (Επιμελητής έκδοσης)
Μορφή: Ηλεκτρονική πηγή Ηλ. βιβλίο
Γλώσσα:English
Έκδοση: Berlin, Heidelberg : Springer Berlin Heidelberg : Imprint: Springer, 2009.
Σειρά:IFIP Advances in Information and Communication Technology, 301
Θέματα:
Διαθέσιμο Online:Full Text via HEAL-Link
LEADER 04912nam a22005775i 4500
001 978-3-642-02388-0
003 DE-He213
005 20161219022145.0
007 cr nn 008mamaa
008 100301s2009 gw | s |||| 0|eng d
020 |a 9783642023880  |9 978-3-642-02388-0 
024 7 |a 10.1007/978-3-642-02388-0  |2 doi 
040 |d GrThAP 
050 4 |a QA76.758 
072 7 |a UMZ  |2 bicssc 
072 7 |a UL  |2 bicssc 
072 7 |a COM051230  |2 bisacsh 
082 0 4 |a 005.1  |2 23 
245 1 0 |a Information Systems – Creativity and Innovation in Small and Medium-Sized Enterprises  |h [electronic resource] :  |b IFIP WG 8.2 International Conference, CreativeSME 2009, Guimarães, Portugal, June 21-24, 2009. Proceedings /  |c edited by Gurpreet Dhillon, Bernd Carsten Stahl, Richard Baskerville. 
264 1 |a Berlin, Heidelberg :  |b Springer Berlin Heidelberg :  |b Imprint: Springer,  |c 2009. 
300 |a VIII, 307 p.  |b online resource. 
336 |a text  |b txt  |2 rdacontent 
337 |a computer  |b c  |2 rdamedia 
338 |a online resource  |b cr  |2 rdacarrier 
347 |a text file  |b PDF  |2 rda 
490 1 |a IFIP Advances in Information and Communication Technology,  |x 1868-4238 ;  |v 301 
505 0 |a Creativity and Innovation Challenges -- Creativity and Intelligence in Small and Medium Sized Enterprises: The Role of Information Systems -- SMEs, IT, and the Third Space: Colonization and Creativity in the Theatre Industry -- SME 2.0: Roadmap towards Web 2.0-Based Open Innovation in SME-Networks – A Case Study Based Research Framework -- Conducting Creativity Brainstorming Sessions in Small and Medium-Sized Enterprises Using Computer-Mediated Communication Tools -- An Examination of the Disruptive Innovation Paradox: The Application of the Innovators Dilemma to SME’s -- Two Paths for Innovation: Parvenu or Pariah -- Identifying and Addressing Stakeholder Interests in Design Science Research: An Analysis Using Critical Systems Heuristics -- Architecture for a Creative Information System -- Creativity in Agile Systems Development: A Literature Review -- Challenges in Ensuring Effective Governance -- IT Governance in SMEs: Trust or Control? -- A Methodology for Electronic Business Initiatives Implementation in SME -- IT Governance Practices in Small and Medium-Sized Enterprises: Recommendations from an Empirical Study -- Life Cycle Model for IT Performance Measurement: A Reference Model for Small and Medium Enterprises (SME) -- Challenges in Managing Knowledge -- Knowledge Management in Small Firms -- An Action Research on Open Knowledge and Technology Transfer -- Services Supporting Knowledge Maturing in Small and Medium-Sized Enterprises -- Organizational Challenges, Power and Politics -- The Emergence of ‘Power with’: The Case of a Born Global Organization -- The Chiasmus of Design: Paradoxical Outcomes in the e-Government Reform of UK Children’s Services -- How and Why Do IT Entrepreneurs Leave Their Salaried Employment to Start a SME? A Mixed Methods Research Design -- Towards a Model of Technology Adoption: A Conceptual Model Proposition. 
520 |a This book constitutes the refereed proceedings of the IFIP WG 8.2 International Conference on the Role of Information Systems in Leveraging the Intelligence and Creativity of Small and Medium-Sized Enterprises, CreativeSME 2009, held in Guimarães, Portugal, in June 2009. The 19 refereed papers presented were carefully selected from numerous submissions. The contributions feature design, managerial, behavioral, and organizational challenges and issues for knowledge management and innovation processes, initiatives and systems. They are grouped in topical sections on creativity and innovation challenges, challenges in ensuring effective governance, challenges in managing knowledge, and organizational challenges, power and politics. 
650 0 |a Computer science. 
650 0 |a Software engineering. 
650 0 |a Data structures (Computer science). 
650 0 |a Application software. 
650 0 |a Management information systems. 
650 0 |a E-commerce. 
650 1 4 |a Computer Science. 
650 2 4 |a Software Engineering/Programming and Operating Systems. 
650 2 4 |a Software Engineering. 
650 2 4 |a Computer Appl. in Administrative Data Processing. 
650 2 4 |a Management of Computing and Information Systems. 
650 2 4 |a e-Commerce/e-business. 
650 2 4 |a Data Structures. 
700 1 |a Dhillon, Gurpreet.  |e editor. 
700 1 |a Stahl, Bernd Carsten.  |e editor. 
700 1 |a Baskerville, Richard.  |e editor. 
710 2 |a SpringerLink (Online service) 
773 0 |t Springer eBooks 
776 0 8 |i Printed edition:  |z 9783642023873 
830 0 |a IFIP Advances in Information and Communication Technology,  |x 1868-4238 ;  |v 301 
856 4 0 |u http://dx.doi.org/10.1007/978-3-642-02388-0  |z Full Text via HEAL-Link 
912 |a ZDB-2-SCS 
950 |a Computer Science (Springer-11645)